00567 2200205 4500001002100000005001500021035002000036007000300056008004100059020001800100082001100118084001700129100002400146245008400170250001100254260003800265300002500303650001700328990001600345INLIS00000000000043620170930115645 a0010-0917000422ta170930 f 0 ind  a979-541-141-1 a297.44 a297.44 SUM p0 aSuma, Muhammad Amin1 aPidana islam Indonesia :bPeluang, prospek, dan tantangan /cMuhammad Amin Suma acet. 1 aJakarta :bPustaka Firdaus,c2001 a266hlm ;c14 x 21 cm aHukum, Islam a626.203.497